THE ESTUARINE ECOSYSSTEM (Record no. 215486)
[ view plain ]
| 000 -LEADER | |
|---|---|
| fixed length control field | 00429nam a22001577a 4500 |
| 008 - FIXED-LENGTH DATA ELEMENTS--GENERAL INFORMATION | |
| fixed length control field | 250521b |||||||| |||| 00| 0 eng d |
| 020 ## - INTERNATIONAL STANDARD BOOK NUMBER | |
| International Standard Book Number | 0216911168 |
| 050 ## - LIBRARY OF CONGRESS CALL NUMBER | |
| Classification number | 13343 |
| Item number | C.1 |
| 100 ## - MAIN ENTRY--PERSONAL NAME | |
| Personal name | McLUSKY, DONALD S. |
| 245 ## - TITLE STATEMENT | |
| Title | THE ESTUARINE ECOSYSSTEM |
| 260 ## - PUBLICATION, DISTRIBUTION, ETC. | |
| Place of publication, distribution, etc. | LONDON |
| Name of publisher, distributor, etc. | BLACKIE ND SONS LIMITED |
| Date of publication, distribution, etc. | 1981 |
| 500 ## - GENERAL NOTE | |
| General note | INCLUDES INDEXS |
| 650 ## - SUBJECT ADDED ENTRY | |
| Topical term or geographic name entry element | THE IMPACT OF SECONDARY CONSUMERS |
| 942 ## - ADDED ENTRY ELEMENTS (KOHA) | |
| Source of classification or shelving scheme | Library of Congress Classification |
| Koha item type | Long Loan Book |
| Withdrawn status | Lost status | Source of classification or shelving scheme | Damaged status | Not for loan | Collection | Home library | Current library | Shelving location | Date acquired | Inventory number | Total checkouts | Full call number | Barcode | Date last seen | Copy number | Price effective from | Koha item type |
|---|---|---|---|---|---|---|---|---|---|---|---|---|---|---|---|---|---|
| Library of Congress Classification | Science & Technology | Kisii University Library | Kisii University Library | On Display | 05/21/2025 | 13343 | QH 541.5 .E8 M35 1981 | 035253 | 05/21/2025 | C.1 | 05/21/2025 | Long Loan Book | |||||
| Library of Congress Classification | Science & Technology | Kisii University Library | Kisii University Library | On Display | 05/21/2025 | 13347 | QH 541.5 .E8 M35 1981 | 035242 | 05/21/2025 | C.3 | 05/21/2025 | Long Loan Book | |||||
| Library of Congress Classification | Science & Technology | Kisii University Library | Kisii University Library | On Display | 05/21/2025 | 13344 | QH 541.5 .E8 M35 1981 | 000000020840 | 05/21/2025 | C.2 | 05/21/2025 | Long Loan Book |